[Event "Titled Tuesday intern op 16th Apr Late"]
[Site "Chess.com INT"]
[Date "2024.04.16"]
[Round "4"]
[White "Bongo Akanga Ndjila, Barthelemy"]
[Black "Kotyk, Michael"]
[Result "0-1"]
[WhiteElo "1894"]
[BlackElo "2125"]
[PlyCount "53"]
[EventDate "2024.04.16"]
[EventType "swiss (blitz)"]
[EventRounds "11"]
[EventCountry "USA"]
[SourceTitle "CB17_2024"]
[SourceDate "2024.04.24"]
[SourceVersion "1"]
[SourceVersionDate "2024.04.24"]
[SourceQuality "1"]

1. d4 d5 2. c4 e5 3. dxe5 Ne7 4. Nf3 Be6 5. c5 Nd7 6. b4 a5 7. Bd2 axb4 8. Bxb4 Nc6 9. Bc3 Nxc5 10. e3 Ne4 11. Bb2 Bb4+ 12. Nbd2 Bg4 13. Be2 Bxf3 14. 0-0 Bxe2 15. Qxe2 Nxd2 16. Rfd1 Nc4 17. e6 0-0 18. exf7+ Rxf7 19. Rac1 Nxb2 20. Qxb2 Ba3 21. Qxb7 Bxc1 22. Qxc6 Ba3 23. Rxd5 Bd6 24. g3 Rxa2 25. f4 Qb8 26. Rd1 Qa8 27. Qc3 0-1

[Event "Titled Tuesday intern op 12th Dec Early"]
[Site "Chess.com INT"]
[Date "2023.12.12"]
[Round "8"]
[White "Kotyk, Michael"]
[Black "Hnatyshyn, Anastasiya"]
[Result "1-0"]
[WhiteElo "2137"]
[BlackElo "2152"]
[PlyCount "81"]
[EventDate "2023.12.12"]
[EventType "swiss (blitz)"]
[EventRounds "11"]
[EventCountry "USA"]
[SourceTitle "CB51_2023"]
[SourceDate "2023.12.20"]
[SourceVersion "1"]
[SourceVersionDate "2023.12.20"]
[SourceQuality "1"]

1. e4 e6 2. d4 d5 3. exd5 exd5 4. Nf3 Bd6 5. Bd3 Nf6 6. Qe2+ Qe7 7. Qxe7+ Kxe7 8. Bg5 Be6 9. Nbd2 Nbd7 10. 0-0 h6 11. Bh4 c5 12. dxc5 Nxc5 13. Nb3 Nxd3 14. cxd3 Bf5 15. Rfe1+ Kd7 16. Rad1 Rhe8 17. Nbd4 Rxe1+ 18. Nxe1 Bg6 19. Bxf6 gxf6 20. Nec2 Rc8 21. g3 a6 22. Kg2 Bc5 23. Rd2 b5 24. Nb3 Bb6 25. Nb4 Kd6 26. Nxa6 Ra8 27. Nb4 Bc5 28. Nxc5 Kxc5 29. a3 Kd6 30. d4 Rc8 31. f3 Rc4 32. Kf2 Rc1 33. h4 h5 34. g4 hxg4 35. fxg4 Rh1 36. h5 Be4 37. Kg3 f5 38. Rh2 Rg1+ 39. Kf2 Rxg4 40. h6 Rg8 41. Ke3 1-0

[Event "Skopje op"]
[Site "Skopje"]
[Date "2023.12.10"]
[Round "6"]
[White "Kotyk, Michael"]
[Black "Popovic, Mateja"]
[Result "1-0"]
[WhiteElo "2137"]
[BlackElo "1816"]
[PlyCount "61"]
[EventDate "2023.12.06"]
[EventType "swiss"]
[EventRounds "9"]
[EventCountry "MKD"]
[SourceTitle "CB50_2023"]
[SourceDate "2023.12.13"]
[SourceVersion "1"]
[SourceVersionDate "2023.12.13"]
[SourceQuality "1"]

1. d4 d5 2. c4 e6 3. Nc3 Nf6 4. cxd5 exd5 5. Bg5 c6 6. e3 Be7 7. Bd3 Nbd7 8. h3 Nf8 9. Bf4 Ne6 10. Be5 0-0 11. Qc2 g6 12. Nf3 Ng7 13. g4 Nfe8 14. 0-0-0 f6 15. Bh2 Be6 16. Kb1 Rc8 17. Rc1 Qa5 18. Rhg1 c5 19. dxc5 Bxc5 20. Qa4 Qd8 21. Nd4 Bd7 22. Qb3 Bc6 23. Be4 Bxd4 24. exd4 Ne6 25. Bxd5 Bxd5 26. Nxd5 Rxc1+ 27. Rxc1 Nxd4 28. Qxb7 Rf7 29. Rc8 Rxb7 30. Rxd8 Kf7 31. Nxf6 1-0

[Event "Titled Tuesday intern op 12th Sep Early"]
[Site "Chess.com INT"]
[Date "2023.09.12"]
[Round "7"]
[White "Bournel, Antoine"]
[Black "Kotyk, Michael"]
[Result "0-1"]
[WhiteElo "2334"]
[BlackElo "2150"]
[PlyCount "46"]
[EventDate "2023.09.12"]
[EventType "swiss (blitz)"]
[EventRounds "11"]
[EventCountry "USA"]
[SourceTitle "EXT 2024"]
[Source "ChessBase"]
[SourceDate "2023.10.10"]
[SourceVersion "1"]
[SourceVersionDate "2023.10.10"]
[SourceQuality "1"]

1. b4 c6 2. Bb2 Qb6 3. a3 a5 4. c4 axb4 5. c5 Qc7 6. axb4 Rxa1 7. Bxa1 b6 8. d4 Na6 9. Qd2 Nf6 10. f3 d5 11. e3 e5 12. Bd3 e4 13. Be2 Be7 14. b5 Nb8 15. Nh3 Bxh3 16. gxh3 bxc5 17. dxc5 Bxc5 18. Bxf6 gxf6 19. Qc3 Be7 20. 0-0 Rg8+ 21. Kh1 Qe5 22. bxc6 Qg5 23. Rf2 Qg1# 0-1

[Event "Titled Tuesday intern op 12th Sep Early"]
[Site "Chess.com INT"]
[Date "2023.09.12"]
[Round "6"]
[White "Castella Garcia, Fausto"]
[Black "Kotyk, Michael"]
[Result "1-0"]
[WhiteElo "2320"]
[BlackElo "2150"]
[PlyCount "93"]
[EventDate "2023.09.12"]
[EventType "swiss (blitz)"]
[EventRounds "11"]
[EventCountry "USA"]
[SourceTitle "EXT 2024"]
[Source "ChessBase"]
[SourceDate "2023.10.10"]
[SourceVersion "1"]
[SourceVersionDate "2023.10.10"]
[SourceQuality "1"]

1. e4 e5 2. Nf3 Nc6 3. Bb5 a6 4. Ba4 Nge7 5. Nc3 d6 6. 0-0 Bd7 7. Nd5 b5 8. Bb3 Na5 9. d4 Nxb3 10. axb3 Ng6 11. dxe5 dxe5 12. Qe2 c6 13. Nc3 Bc5 14. Rd1 Qc7 15. h4 0-0 16. h5 Ne7 17. Nxe5 Bc8 18. Bf4 Bd6 19. Rxd6 Qxd6 20. Ng6 Qf6 21. Be5 Qe6 22. Nxe7+ Qxe7 23. Bd4 f5 24. e5 Be6 25. f4 Rfd8 26. Qe3 Qh4 27. Bb6 Rd7 28. Ne2 Qxh5 29. Nd4 Qf7 30. Nxc6 Rc8 31. Nd4 Qe8 32. c3 Rb7 33. Rxa6 Bd5 34. b4 g6 35. Bc5 Ra8 36. Rxa8 Qxa8 37. e6 Qe8 38. Qe5 Bc4 39. Nf3 h6 40. Bd4 Kh7 41. e7 Rxe7 42. Qf6 Rf7 43. Qd6 Qe7 44. Qb8 Qf8 45. Qb6 Re7 46. Ne5 Qe8 47. Qf6 1-0

[Event "Titled Tuesday intern op 22nd Aug Early"]
[Site "Chess.com INT"]
[Date "2023.08.22"]
[Round "1"]
[White "Kotyk, Michael"]
[Black "Gubajdullin, Alexey"]
[Result "0-1"]
[WhiteElo "2167"]
[BlackElo "2253"]
[PlyCount "58"]
[EventDate "2023.08.22"]
[EventType "swiss (blitz)"]
[EventRounds "11"]
[EventCountry "USA"]
[SourceTitle "EXT 2024"]
[Source "ChessBase"]
[SourceDate "2023.10.10"]
[SourceVersion "1"]
[SourceVersionDate "2023.10.10"]
[SourceQuality "1"]

1. e4 g6 2. Nc3 d6 3. f4 Bg7 4. Nf3 c5 5. Bb5+ Bd7 6. Bxd7+ Qxd7 7. 0-0 Nc6 8. d3 Nf6 9. Qe1 0-0 10. Qh4 Nd4 11. Nxd4 cxd4 12. Ne2 Rac8 13. c3 dxc3 14. bxc3 b5 15. f5 b4 16. Bd2 bxc3 17. Bxc3 Qb5 18. Rf3 Rxc3 19. Nxc3 Qc5+ 20. Kh1 Qxc3 21. Raf1 Rb8 22. h3 Rb2 23. fxg6 hxg6 24. a4 Qc2 25. R1f2 Rb1+ 26. Kh2 Qxa4 27. Qg5 Qa1 28. e5 Nh5 29. Rxf7 Rh1# 0-1

[Event "Titled Tuesday intern op 15th Aug Late"]
[Site "Chess.com INT"]
[Date "2023.08.15"]
[Round "2"]
[White "Quispe Santacruz, Javier"]
[Black "Kotyk, Michael"]
[Result "1-0"]
[WhiteElo "1805"]
[BlackElo "2167"]
[PlyCount "79"]
[EventDate "2023.08.15"]
[EventType "swiss (blitz)"]
[EventRounds "11"]
[EventCountry "USA"]
[SourceTitle "EXT 2024"]
[Source "ChessBase"]
[SourceDate "2023.10.10"]
[SourceVersion "1"]
[SourceVersionDate "2023.10.10"]
[SourceQuality "1"]

1. d4 d5 2. c4 e5 3. dxe5 d4 4. Nf3 Nc6 5. a3 Nge7 6. b4 Ng6 7. Bb2 Ncxe5 8. Nxe5 Nxe5 9. Qxd4 Qxd4 10. Bxd4 Nxc4 11. e4 Be6 12. f4 f6 13. Nc3 a5 14. Nd5 Bxd5 15. exd5 Nxa3 16. Rxa3 Bxb4+ 17. Rc3 Bxc3+ 18. Bxc3 0-0 19. Bc4 Rfe8+ 20. Kf2 Kh8 21. Rb1 b6 22. Bb5 Re4 23. g3 h5 24. d6 cxd6 25. Bc6 Rc4 26. Bxa8 Rxc3 27. Rxb6 Rc2+ 28. Kf3 Rxh2 29. Be4 g5 30. fxg5 fxg5 31. Rxd6 a4 32. Ra6 Ra2 33. Bc6 a3 34. Ke4 Rg2 35. Rxa3 h4 36. Kf5 Rxg3 37. Ra7 Rc3 38. Bd5 h3 39. Kg6 Rc8 40. Rh7# 1-0